Коррозия и защита материалов: учебное пособие

Detalles Bibliográficos
Autor Principal: Неверов А. С. Александр Сергеевич
Outros autores: Родченко Д. А. Диана Александровна, Цырлин М. И. Михаил Иосифович
Summary:Рассмотрены механизмы разрушения материалов под воздействием факторов внешней среды и основные методы и средства, используемые для защиты от разрушения. Впервые в отечественной учебной литературе, посвященной коррозии, рассмотрены проблемы деструкции не только металлов, но и неметаллических материалов (бетона, древесины, полимеров). Для студентов технических специальностей вузов. Будет полезно научным работникам, аспирантам, специалистам предприятий и организаций, занимающимся проблемами защиты от коррозии.
Idioma:ruso
Publicado: Минск, Вышэйшая школа, 2007
Series:Студентам высших учебных заведений
Subjects:
Formato: MixedMaterials Libro
KOHA link:https://koha.lib.tpu.ru/cgi-bin/koha/opac-detail.pl?biblionumber=133009

MARC

LEADER 00000nam0a2200000 4500
001 133009
005 20231031135157.0
010 |a 9789850612366 
035 |a (RuTPU)RU\TPU\book\144024 
090 |a 133009 
100 |a 20080311d2007 m y0rusy50 ca 
101 0 |a rus 
102 |a BY 
105 |a a j 001zy 
200 1 |a Коррозия и защита материалов  |e учебное пособие  |f А. С. Неверов, Д. А. Родченко, М. И. Цырлин 
210 |a Минск  |c Вышэйшая школа  |d 2007 
215 |a 222 с.  |c ил. 
225 1 |a Студентам высших учебных заведений 
320 |a Библиогр.: с. 217-218. 
330 |a Рассмотрены механизмы разрушения материалов под воздействием факторов внешней среды и основные методы и средства, используемые для защиты от разрушения. Впервые в отечественной учебной литературе, посвященной коррозии, рассмотрены проблемы деструкции не только металлов, но и неметаллических материалов (бетона, древесины, полимеров). Для студентов технических специальностей вузов. Будет полезно научным работникам, аспирантам, специалистам предприятий и организаций, занимающимся проблемами защиты от коррозии. 
610 1 |a материалы 
610 1 |a металлические материалы 
610 1 |a конструкционные материалы 
610 1 |a химическая коррозия 
610 1 |a внешние факторы 
610 1 |a металлы 
610 1 |a коррозионно-механическое разрушение 
610 1 |a конструкционные сплавы 
610 1 |a коррозионно-активная среда 
610 1 |a неметаллические материалы 
610 1 |a древесина 
610 1 |a бетон 
610 1 |a полимеры 
610 1 |a атмосферные факторы 
610 1 |a разрушение 
610 1 |a ингибиторы 
610 1 |a металлические изделия 
610 1 |a консервация 
610 1 |a учебные пособия 
675 |a 620.193(075.8)  |v 3 
700 1 |a Неверов  |b А. С.  |g Александр Сергеевич 
701 1 |a Родченко  |b Д. А.  |g Диана Александровна 
701 1 |a Цырлин  |b М. И.  |g Михаил Иосифович 
801 1 |a RU  |b 63413507  |c 20080311  |g PSBO 
801 2 |a RU  |b 63413507  |c 20220401  |g PSBO 
942 |c BK 
959 |a 29/20080306  |d 3  |e 177,00  |f АНЛ:2  |f ЧЗТЛ:1